| 000 | 00438nam a2200169 a 4500 | ||
|---|---|---|---|
| 005 | 20140310183322.0 | ||
| 008 | 060302s19uu xx 00 eng d | ||
| 020 | _a0345351525 | ||
| 050 |
_aPS 3568 _b.R495 1993 |
||
| 100 | _aRice, Anne | ||
| 245 |
_aThe queen of the damned / _cAnne Rice. |
||
| 260 |
_aNew York : _bBallantine Books, _c1993. |
||
| 300 |
_a491 p. : _c18 cm. |
||
| 650 | _aFiction | ||
| 942 |
_cBK _2lcc |
||
| 999 |
_c21413 _d21413 |
||